[Event "ICS rated bullet match"]
[Site "204.178.125.65"]
[Date "1999.12.07"]
[Round "?"]
[White "JSBach"]
[Black "Hossa"]
[Result "0-1"]
[WhiteElo "2096"]
[BlackElo "2598"]
[PlyCount "150"]
[EventDate "1999.??.??"]

1. d4 Nf6 2. Nf3 e6 3. Bg5 h6 4. Bf4 g5 5. Bd2 g4 6. Ne5 d6 7. Nd3 Nc6 8. c3 d5
9. h3 gxh3 10. g3 h2 11. Rxh2 Bg7 12. Bg2 b6 13. Qa4 Bd7 14. Rh1 Ne4 15. Qb3
Na5 16. Qc2 Bb5 17. Na3 Ba6 18. Qa4+ c6 19. Bf4 h5 20. Nb4 Bb7 21. Qc2 f5 22.
Qd3 h4 23. Na6 Bxa6 24. Qxa6 hxg3 25. Rxh8+ Bxh8 26. fxg3 Qe7 27. Bxe4 dxe4 28.
Nc4 Nxc4 29. Qxc4 Qd7 30. O-O-O Bf6 31. Be5 Qd5 32. Qa4 Bg5+ 33. Kb1 Qb5 34.
Qxb5 cxb5 35. Rh1 O-O-O 36. Rh5 Bd2 37. Kc2 Be3 38. Bf4 Bxf4 39. gxf4 Kc7 40.
b3 Kc6 41. Rh6 Kd5 42. Rh7 a5 43. Rb7 Kc6 44. Re7 Kd5 45. e3 Rg8 46. Rd7+ Kc6
47. Rf7 Rg2+ 48. Kb1 Rg1+ 49. Kc2 a4 50. Ra7 Rg2+ 51. Kb1 axb3 52. axb3 Rg3 53.
Re7 Kd6 54. Rb7 Rxe3 55. Rxb6+ Kd7 56. Kc2 Re2+ 57. Kc1 Rf2 58. Rxb5 Rxf4 59.
Kd2 Rf2+ 60. Ke3 Rf3+ 61. Kd2 f4 62. Rb7+ Kd6 63. Rb6+ Ke7 64. Rb7+ Kf6 65. b4
Rf2+ 66. Ke1 Rc2 67. Rc7 e3 68. Rc8 Kf5 69. Rc5+ Ke4 70. Kd1 Kd3 71. Re5 e2+
72. Rxe2 Rxe2 73. b5 f3 74. d5 f2 75. c4 f1=Q# 0-1

[Event "ICS rated blitz match"]
[Site "204.178.125.65"]
[Date "1999.12.07"]
[Round "?"]
[White "balwan"]
[Black "Hossa"]
[Result "1-0"]
[WhiteElo "2693"]
[BlackElo "2478"]
[PlyCount "147"]
[EventDate "1999.??.??"]

1. e4 e6 2. d4 d5 3. Nc3 Nf6 4. Bg5 dxe4 5. Nxe4 Be7 6. Bxf6 Bxf6 7. Nf3 O-O 8.
Qd2 Be7 9. Bd3 Nc6 10. c3 b6 11. O-O Bb7 12. Qf4 Qd7 13. Rfe1 Rad8 14. Bb5 Bd6
15. Nxd6 Qxd6 16. Qg4 Qd5 17. Bd3 h6 18. Re3 Ba8 19. Nd2 Kh8 20. Bc4 Qg5 21.
Qxg5 hxg5 22. Bd3 Bb7 23. Rh3+ Kg8 24. Bh7+ Kh8 25. Rh5 e5 26. Be4+ Kg8 27. d5
Nb8 28. Bh7+ Kh8 29. c4 Rd6 30. Bd3+ Rh6 31. Rxg5 f6 32. Rg3 Rd8 33. Rd1 Bc8
34. Nf3 g5 35. Nd2 Kg7 36. b4 Rdh8 37. h3 Kf7 38. Ne4 Rd8 39. Re1 Nd7 40. c5
Nf8 41. cxb6 axb6 42. Rc1 Rd7 43. Bb5 Rd8 44. Rxc7+ Kg6 45. Bd3 Bf5 46. Nxg5
fxg5 47. Rc6+ Kg7 48. Bxf5 Nh7 49. Ra3 Nf6 50. Rxb6 Rxd5 51. Ra7+ Kf8 52. Rb8+
Ne8 53. Raa8 Rd1+ 54. Kh2 Kf7 55. Rxe8 Rhd6 56. Rh8 e4 57. Rh7+ Kf6 58. Rh6+
Kxf5 59. g4+ Ke5 60. Re8+ Kd5 61. Rxd6+ Kxd6 62. Rd8+ Kc6 63. Rxd1 Kb5 64. Rd4
Ka4 65. Kg3 Ka3 66. Rxe4 Kxa2 67. b5 Kb3 68. b6 Kc2 69. Kf3 Kd3 70. b7 Kc3 71.
b8=Q Kc2 72. Ke2 Kc3 73. Qb4+ Kc2 74. Rc4# 1-0

[Event "ICS rated blitz match"]
[Site "204.178.125.65"]
[Date "1999.12.07"]
[Round "?"]
[White "Hossa"]
[Black "Amateur"]
[Result "1-0"]
[WhiteElo "2471"]
[BlackElo "2425"]
[PlyCount "111"]
[EventDate "1999.??.??"]

1. e4 e5 2. f4 exf4 3. Nf3 Nf6 4. e5 Nh5 5. Be2 g6 6. O-O d6 7. exd6 Bxd6 8. d4
Nc6 9. Nc3 Bf5 10. d5 Bc5+ 11. Kh1 Nb4 12. Nd4 Qf6 13. Nxf5 Qxf5 14. a3 Na6 15.
g4 Qf6 16. gxh5 g5 17. Ne4 Qe7 18. Nxc5 Nxc5 19. Bb5+ Kf8 20. b4 a6 21. Be2 Na4
22. Bf3 Qf6 23. Bd2 Re8 24. c4 b5 25. Qc2 Qd4 26. cxb5 axb5 27. Rad1 Re7 28.
Rde1 Rxe1 29. Bxe1 Qc4 30. Qg2 f6 31. Be2 Qc2 32. Qf3 Kg7 33. Bxb5 Nb2 34. Qc3
Qe4+ 35. Kg1 Qe3+ 36. Qxe3 fxe3 37. Bc3 Rb8 38. Rxf6 Nd1 39. Rb6+ Nxc3 40. h6+
Kf7 41. Rxb8 Kg6 42. Bc4 Kf6 43. Re8 g4 44. Rxe3 Nb1 45. Rd3 Kg5 46. Ba2 Nxa3
47. Rxa3 Kxh6 48. Ra7 Kg6 49. Rxc7 Kf6 50. d6 h5 51. Rf7+ Ke5 52. d7 Kd4 53.
d8=Q+ Ke3 54. Bc4 Ke4 55. Qd3+ Ke5 56. Qd5# 1-0

[Event "ICS rated blitz match"]
[Site "204.178.125.65"]
[Date "1999.12.07"]
[Round "?"]
[White "Hossa"]
[Black "Quanny"]
[Result "0-1"]
[WhiteElo "2485"]
[BlackElo "2736"]
[PlyCount "150"]
[EventDate "1999.??.??"]

1. e4 c5 2. d4 cxd4 3. Qxd4 Nc6 4. Qa4 d6 5. Nc3 Bd7 6. Nf3 Nf6 7. Bg5 e6 8.
Be2 Be7 9. O-O O-O 10. Rad1 Qb8 11. Rd2 h6 12. Bf4 e5 13. Be3 Nd4 14. Qc4 Nxe4
15. Nxe4 Bb5 16. Nxd4 Bxc4 17. Nf5 Bxe2 18. Nxe7+ Kh7 19. Rxe2 f5 20. Nxf5 Rxf5
21. Rd1 Qc7 22. Nxd6 Rd8 23. Red2 Rf6 24. Nb5 Rxd2 25. Rxd2 Qc6 26. Nxa7 Qa6
27. a3 Rd6 28. Rxd6 Qxd6 29. h4 Qd1+ 30. Kh2 Qxc2 31. b4 Qc4 32. g3 Qa6 33. Nc8
Qxa3 34. Bc5 Qd3 35. Nb6 Kg6 36. Nc8 Kh5 37. Ne7 Qd7 38. f3 Qd3 39. Kg2 e4 40.
g4+ Kxh4 41. Nf5+ Kg5 42. Be3+ Kf6 43. Kf2 exf3 44. Ng3 Qc2+ 45. Kxf3 Qd1+ 46.
Ne2 Qf1+ 47. Bf2 Kg5 48. Ng3 Qd1+ 49. Kg2 Kxg4 50. Nf1 Qf3+ 51. Kg1 Kh3 52. Ne3
g5 53. Kf1 g4 54. Ke1 g3 55. Bg1 h5 56. b5 Qh1 57. Kf1 h4 58. b6 Qh2 59. Bxh2
gxh2 60. Kf2 h1=Q 61. Nc4 Qc1 62. Na5 Qc3 63. Ke2 Qxa5 64. Kd3 Qb4 65. Kc2 Qc3+
66. Kd1 Qd2+ 67. Kxd2 Kg3 68. Ke2 h3 69. Kf1 h2 70. Ke2 Kf4 71. Kf2 h1=Q 72.
Ke2 Qd5 73. Kf2 Qa2+ 74. Ke1 Ke3 75. Kf1 Qf2# 0-1

[Event "ICS rated blitz match"]
[Site "204.178.125.65"]
[Date "1999.12.07"]
[Round "?"]
[White "Quanny"]
[Black "Hossa"]
[Result "0-1"]
[WhiteElo "2742"]
[BlackElo "2479"]
[PlyCount "90"]
[EventDate "1999.??.??"]

1. d4 Nf6 2. c4 g6 3. Bf4 Bg7 4. Nc3 d6 5. Nf3 O-O 6. h3 c5 7. d5 Nbd7 8. e4
Nh5 9. Bg5 f6 10. Bd2 Bh8 11. Bh6 Rf7 12. Be2 Bg7 13. Be3 Bh8 14. O-O Ng7 15.
Bh6 Ne5 16. Nd2 Rf8 17. Qb3 Nf7 18. Be3 Rb8 19. Qa3 a5 20. Qb3 f5 21. f3 e5 22.
f4 fxe4 23. fxe5 Nf5 24. e6 Nxe3 25. Rxf7 Bd4 26. Kh1 Rxf7 27. exf7+ Kxf7 28.
Ncxe4 Kg8 29. Nf3 Bf5 30. Nxd4 cxd4 31. Bf3 Bxe4 32. Bxe4 Qc7 33. Bd3 Rf8 34.
a3 Rf2 35. Qb5 Qd8 36. Qxb7 Rxg2 37. b3 Rd2 38. Be4 Qe8 39. Bf3 Rf2 40. Qc6 Qe5
41. Qe8+ Qxe8 42. Bg2 Rxg2 43. Rg1 Qe4 44. Rf1 Nxf1 45. b4 Ng3# 0-1

[Event "ICS rated blitz match"]
[Site "204.178.125.65"]
[Date "1999.12.07"]
[Round "?"]
[White "Hossa"]
[Black "Quanny"]
[Result "1/2-1/2"]
[WhiteElo "2505"]
[BlackElo "2716"]
[PlyCount "198"]
[EventDate "1999.??.??"]

1. e4 c5 2. Nf3 d6 3. Bc4 Nf6 4. Nc3 Nc6 5. d3 e6 6. O-O Be7 7. Bb5 Bd7 8. Bd2
O-O 9. Re1 Qb6 10. Rb1 a6 11. Bc4 Na5 12. b3 Nc6 13. a3 h6 14. Rf1 Qc7 15. a4
Nd4 16. Ra1 Rab8 17. a5 Nc6 18. Ne2 d5 19. Bf4 Bd6 20. Bxd6 Qxd6 21. d4 dxe4
22. Nd2 cxd4 23. Ng3 e3 24. fxe3 dxe3 25. Nge4 Nxe4 26. Nxe4 Qd4 27. Qxd4 Nxd4
28. Rae1 Bc6 29. Nc3 Nxc2 30. Re2 Nd4 31. Rxe3 Rfd8 32. Rd3 Nf5 33. Rfd1 Rxd3
34. Rxd3 Re8 35. g4 Nh4 36. Kf2 Ng6 37. Rd6 Ne5 38. Be2 Kf8 39. Rd4 Rc8 40. Nd1
Ke7 41. Ne3 Rd8 42. Rxd8 Kxd8 43. Nc2 Kd7 44. Nd4 Kd6 45. Ke3 Bg2 46. b4 Kd5
47. Nb3 Nc6 48. Nc5 Nxb4 49. Nxb7 e5 50. Kd2 Ke6 51. Bc4+ Kd7 52. Nc5+ Kd6 53.
Nxa6 Nc6 54. Ke3 f6 55. Kf2 Bh1 56. Bf7 Nxa5 57. Bg6 Bb7 58. Nb4 Nc4 59. Bd3
Kc5 60. Nc2 Nd6 61. Ke3 h5 62. h3 hxg4 63. hxg4 Bc8 64. Be2 Nc4+ 65. Kd3 Bb7
66. Kc3 Nd6 67. Ne3 Ne4+ 68. Kb2 Ng3 69. Bd1 Kd4 70. Nc2+ Kd3 71. Na3 e4 72.
Nb5 Kd2 73. Bc2 e3 74. Na3 e2 75. Nc4+ Ke1 76. Bd3 Bf3 77. Nd6 Bxg4 78. Bb5 Kf2
79. Bxe2 Kxe2 80. Ne8 f5 81. Kc3 f4 82. Nd6 f3 83. Nc4 f2 84. Nd2 g5 85. Kc2
Bf5+ 86. Kc1 Bd3 87. Nf1 Nxf1 88. Kb2 g4 89. Kb3 g3 90. Kb4 g2 91. Kc5 g1=Q 92.
Kd6 Ne3 93. Ke6 Qg7 94. Kd6 f1=Q 95. Kc5 Qa7+ 96. Kb4 Qe1+ 97. Kb3 Bc4+ 98. Kb2
Qd2+ 99. Kb1 Qa4 1/2-1/2

[Event "ICS rated bullet match"]
[Site "204.178.125.65"]
[Date "1999.12.07"]
[Round "?"]
[White "JSBach"]
[Black "Hossa"]
[Result "0-1"]
[WhiteElo "2129"]
[BlackElo "2600"]
[PlyCount "82"]
[EventDate "1999.??.??"]

1. d4 Nf6 2. Nf3 e6 3. Bf4 d5 4. Nc3 Bd6 5. Ne5 O-O 6. Qd3 Nc6 7. Nxc6 bxc6 8.
Bg3 Rb8 9. Rb1 Qe7 10. Be5 Ng4 11. Bxd6 cxd6 12. f3 Nf6 13. e4 e5 14. dxe5 Qxe5
15. Be2 dxe4 16. fxe4 Rb4 17. O-O Nxe4 18. Nxe4 Rxe4 19. Bf3 Qc5+ 20. Rf2 Re3
21. Qd2 d5 22. Bh5 Be6 23. Rbf1 Re5 24. Bf3 Rb8 25. c3 Qe3 26. Qd4 Re8 27. Qa4
Bd7 28. c4 Qd4 29. b3 Re1 30. b4 Rxf1+ 31. Kxf1 Qxc4+ 32. Re2 Bf5 33. Kf2 Qh4+
34. Kg1 Rxe2 35. Bxe2 Qe1+ 36. Bf1 Bd3 37. h4 Qxf1+ 38. Kh2 Be4 39. Kg3 Qxg2+
40. Kf4 Qf3+ 41. Ke5 Qf6# 0-1

[Event "ICS rated bullet match"]
[Site "204.178.125.65"]
[Date "1999.12.07"]
[Round "?"]
[White "Hossa"]
[Black "EA6PZ"]
[Result "0-1"]
[WhiteElo "2602"]
[BlackElo "2476"]
[PlyCount "82"]
[EventDate "1999.??.??"]

1. e4 c5 2. Nf3 Nc6 3. Nc3 e6 4. Bc4 Nge7 5. Qe2 g6 6. Nb5 d6 7. e5 dxe5 8.
Nxe5 Bg7 9. Nxc6 Nxc6 10. O-O O-O 11. Re1 a6 12. Nc3 Nd4 13. Qd1 b5 14. Bd3 Bb7
15. Be4 Bxe4 16. Nxe4 c4 17. d3 Nf5 18. g4 Nd4 19. c3 Nc6 20. dxc4 bxc4 21. Nd6
Ne5 22. Re4 Qc7 23. Bf4 Rad8 24. Bxe5 Bxe5 25. Rxe5 Rxd6 26. Qf3 Rd3 27. Qf6
Rb8 28. Re2 Qd6 29. f3 Rd2 30. Rxd2 Qxd2 31. Rb1 Qd3 32. Re1 Rxb2 33. Qd4 Qxf3
34. Qd8+ Kg7 35. Qd4+ f6 36. Qa7+ Kg8 37. Qb8+ Rxb8 38. Rf1 Qxg4+ 39. Kh1 Rb2
40. Rf2 Rb1+ 41. Rf1 Rxf1# 0-1

[Event "ICS rated bullet match"]
[Site "204.178.125.65"]
[Date "1999.12.07"]
[Round "?"]
[White "EA6PZ"]
[Black "Hossa"]
[Result "1-0"]
[WhiteElo "2498"]
[BlackElo "2580"]
[PlyCount "79"]
[EventDate "1999.??.??"]

1. e4 c5 2. Nf3 d6 3. d4 cxd4 4. Nxd4 Bd7 5. Nc3 Nf6 6. Bg5 Qb6 7. Bxf6 gxf6 8.
Nd5 Qa5+ 9. c3 Nc6 10. Bd3 Nxd4 11. b4 Nf3+ 12. Qxf3 Qd8 13. O-O Bg7 14. Qg3
Bh6 15. Qh4 Bg7 16. c4 e6 17. Qg3 Bf8 18. Nc3 Qb6 19. Rab1 O-O-O 20. Rfd1 Bc6
21. Be2 h6 22. a4 Qc7 23. Nd5 exd5 24. cxd5 f5 25. b5 Bxd5 26. Rdc1 Bxe4 27.
Rxc7+ Kxc7 28. Rc1+ Kd7 29. Qb3 b6 30. f3 Ba8 31. Qxf7+ Be7 32. Qxf5+ Ke8 33.
f4 h5 34. Rc7 Bd5 35. Bf3 Rf8 36. Qg6+ Rf7 37. Qg8+ Bf8 38. Bxd5 Rxc7 39. Qg6+
Ke7 40. Qe6# 1-0

[Event "ICS rated blitz match"]
[Site "204.178.125.65"]
[Date "1999.12.07"]
[Round "?"]
[White "balwan"]
[Black "Hossa"]
[Result "1-0"]
[WhiteElo "2696"]
[BlackElo "2514"]
[PlyCount "91"]
[EventDate "1999.??.??"]

1. e4 c5 2. Nf3 d6 3. d4 cxd4 4. Nxd4 Nc6 5. Nc3 Nf6 6. Bg5 Bd7 7. Qd2 Nxd4 8.
Qxd4 Qa5 9. Bd2 Qe5 10. Qxe5 dxe5 11. O-O-O Ng4 12. Be1 O-O-O 13. h3 Nf6 14. f3
g6 15. Bc4 Bh6+ 16. Kb1 Rhf8 17. Bf2 Kb8 18. Bc5 Rde8 19. Rd3 Bf4 20. Ne2 b6
21. Bb4 Ba4 22. Rhd1 b5 23. Bd5 a5 24. Bxa5 e6 25. Bb3 Bh2 26. Bxa4 bxa4 27.
Bc3 Rc8 28. g3 Ka8 29. Bxe5 Nh5 30. Rd4 f6 31. Rxa4+ Kb7 32. Rb4+ Ka8 33. Rd3
Rf7 34. Bd4 Rcc7 35. Ra3+ Ra7 36. Bxa7 Rxa7 37. Rc3 Rb7 38. Rc8+ Ka7 39. Ra4+
Kb6 40. Nd4 Rc7 41. Rb4+ Kc5 42. Rxc7+ Kxb4 43. c3+ Ka5 44. Rc6 Nxg3 45. b4+
Ka4 46. Ra6# 1-0

[Event "ICS rated blitz match"]
[Site "204.178.125.65"]
[Date "1999.12.07"]
[Round "?"]
[White "Beadle"]
[Black "Hossa"]
[Result "1-0"]
[WhiteElo "2658"]
[BlackElo "2506"]
[PlyCount "137"]
[EventDate "1999.??.??"]

1. e4 c5 2. c3 e6 3. d4 d5 4. e5 Bd7 5. Nf3 Qb6 6. Qb3 Nc6 7. Qxb6 axb6 8. Na3
cxd4 9. Nb5 Rc8 10. Nbxd4 Nxd4 11. Nxd4 Ne7 12. Bd3 Ng6 13. f4 Bc5 14. Be3 b5
15. a3 O-O 16. O-O f6 17. exf6 Rxf6 18. g3 Re8 19. Rae1 e5 20. Nxb5 Rc8 21.
Bxc5 Rxc5 22. a4 e4 23. Be2 Ne7 24. Rd1 Ra6 25. Ra1 Kf7 26. Ra3 Kf6 27. Rfa1
Nf5 28. b4 Rc8 29. g4 Ne3 30. Nd4 Ra7 31. f5 Ke5 32. Kf2 Nc4 33. Bxc4 Rxc4 34.
Nc2 Rc6 35. Rd1 Rd6 36. a5 g6 37. fxg6 Rf6+ 38. Ke1 hxg6 39. c4 Rd6 40. Ne3 d4
41. c5 Rf6 42. Nc4+ Kf4 43. Rxd4 Bxg4 44. Nd6 Bf3 45. b5 Ke5 46. Rd2 Kf4 47. b6
Ra8 48. Nxb7 e3 49. Rd4+ Ke5 50. Rd7 Bxb7 51. Rxb7 Kd5 52. Rd7+ Kxc5 53. b7
Raf8 54. Rc3+ Kb5 55. Rc8 Rf1+ 56. Ke2 R1f2+ 57. Kxe3 R8f3+ 58. Kd4 Rf4+ 59.
Kc3 R4f3+ 60. Rd3 Rxd3+ 61. Kxd3 Rf3+ 62. Ke4 Rb3 63. b8=Q+ Ka4 64. Rc4+ Ka3
65. Qd6+ Kb2 66. Qd2+ Ka3 67. Qc1+ Rb2 68. Qa1+ Ra2 69. Qc3# 1-0

[Event "ICS rated blitz match"]
[Site "204.178.125.65"]
[Date "1999.12.07"]
[Round "?"]
[White "Hossa"]
[Black "lakerda"]
[Result "0-1"]
[WhiteElo "2497"]
[BlackElo "2196"]
[PlyCount "122"]
[EventDate "1999.??.??"]

1. e4 e6 2. d4 d5 3. exd5 exd5 4. Qe2+ Qe7 5. Be3 Nf6 6. Nc3 c6 7. O-O-O Ng4 8.
Re1 Nxe3 9. Qxe3 Qxe3+ 10. Rxe3+ Be7 11. g3 Bf5 12. Bh3 Bxh3 13. Nxh3 Kd7 14.
Rhe1 Bf6 15. f4 Na6 16. Ng1 Rhe8 17. Nf3 Rxe3 18. Rxe3 Re8 19. Rxe8 Kxe8 20. g4
g6 21. Kd2 Nc7 22. Ke3 Bg7 23. h4 Ke7 24. a3 Ne8 25. Ne5 f6 26. Nf3 Nd6 27. Kd3
f5 28. g5 Ne4 29. Ne5 Bxe5 30. dxe5 Nc5+ 31. Ke3 Ne6 32. Ne2 c5 33. b4 b6 34.
bxc5 bxc5 35. a4 Kd7 36. Kf3 Kc6 37. Kg3 d4 38. Nc1 Kd5 39. Kf3 Kc4 40. Ne2 Kb4
41. a5 Kxa5 42. c3 d3 43. Ng3 Kb5 44. h5 Kc4 45. hxg6 hxg6 46. Nf1 Kxc3 47. Ke3
c4 48. Nd2 a5 49. Nb1+ Kb2 50. Nd2 Kc3 51. Nb1+ Kb4 52. Kd2 a4 53. Ke3 a3 54.
Nd2 a2 55. Nxc4 Kxc4 56. Kf3 a1=Q 57. Kg2 Qc1 58. Kh2 Qxf4+ 59. Kh3 Qxg5 60.
Kh2 Nf4 61. e6 Qg2# 0-1

[Event "ICS rated blitz match"]
[Site "204.178.125.65"]
[Date "1999.12.07"]
[Round "?"]
[White "Hossa"]
[Black "Beadle"]
[Result "0-1"]
[WhiteElo "2470"]
[BlackElo "2668"]
[PlyCount "180"]
[EventDate "1999.??.??"]

1. e4 Nc6 2. Nf3 e5 3. Bb5 a6 4. Bxc6 dxc6 5. Nxe5 Qd4 6. Ng4 Qxe4+ 7. Ne3 Be6
8. d3 Qg6 9. O-O O-O-O 10. Qe2 Nf6 11. Nc3 Bc5 12. Re1 Rd4 13. Qf1 Rhd8 14. Ne2
Ra4 15. Bd2 Ne4 16. Bc3 Nxc3 17. Nxc3 Ra5 18. a3 Bd4 19. Re2 Kb8 20. a4 Rc5 21.
Qe1 Ka8 22. Rd1 Rh5 23. Ra1 Qh6 24. Nf1 Rh4 25. Qd2 Qg6 26. Rae1 Bxc3 27. Qxc3
Rxa4 28. Ng3 Rd5 29. Qb3 Raa5 30. Qc4 Qf6 31. c3 Rdb5 32. Qe4 Ra2 33. Rb1 h6
34. d4 Bc4 35. Rd2 Ka7 36. Qe1 Qg6 37. Ne4 f5 38. Nc5 Bd5 39. Qf1 f4 40. f3
Bxf3 41. Re1 Bd5 42. c4 Bxc4 43. Qxc4 Raxb2 44. Rxb2 Rxb2 45. Qf1 Qd6 46. Ne6
Qb4 47. Kh1 g5 48. Qg1 Qd6 49. d5+ b6 50. dxc6 Rd2 51. Qf1 Qxc6 52. Kg1 Qd5 53.
h3 c5 54. Re2 Rxe2 55. Qxe2 c4 56. Kh1 c3 57. Nc7 Qc6 58. Qe7 Qb7 59. Qe5 c2
60. Qc3 Qe4 61. Kh2 Kb7 62. Nd5 Qxd5 63. Qxc2 Qd6 64. Qe4+ Ka7 65. Qh7+ Kb8 66.
Qh8+ Kb7 67. Qe8 b5 68. Qe4+ Kb6 69. Kh1 a5 70. Qf3 a4 71. Qf2+ Ka6 72. Qf3 a3
73. Qb3 b4 74. Qb1 Qd2 75. Qe4 a2 76. Qa8+ Kb5 77. Kh2 b3 78. Qb8+ Ka4 79. Qa8+
Kb4 80. h4 a1=Q 81. Qxa1 f3 82. Qf1 Qxg2+ 83. Qxg2 fxg2 84. h5 b2 85. Kxg2 b1=Q
86. Kf2 Qf5+ 87. Ke3 Kc3 88. Ke2 g4 89. Ke1 Kd3 90. Kd1 Qf1# 0-1

[Event "ICS rated blitz match"]
[Site "204.178.125.65"]
[Date "1999.12.07"]
[Round "?"]
[White "MissSilicon"]
[Black "Hossa"]
[Result "1-0"]
[WhiteElo "2685"]
[BlackElo "2462"]
[PlyCount "193"]
[EventDate "1999.??.??"]

1. e4 c5 2. Nf3 d6 3. d4 Nf6 4. Nc3 cxd4 5. Nxd4 e6 6. g3 Be7 7. Bg2 O-O 8. O-O
d5 9. exd5 exd5 10. Nde2 Nc6 11. Nxd5 Nxd5 12. Qxd5 Qxd5 13. Bxd5 Rd8 14. Bxc6
bxc6 15. Bf4 Bf5 16. c3 g5 17. Be3 Bg4 18. Nd4 Rac8 19. f4 c5 20. Nf3 gxf4 21.
Bxf4 Be6 22. Rfe1 Rd3 23. Ne5 Rd6 24. Re4 Rcd8 25. Rae1 Kg7 26. Ra4 a6 27. Nf3
Rc6 28. Ng5 Kg6 29. Nxe6 fxe6 30. Rae4 Kf7 31. Rf1 Kg6 32. h4 Bf6 33. Rfe1 Kf7
34. R1e2 Rd1+ 35. Kf2 Ra1 36. a3 c4 37. Rd2 Rb1 38. Kf3 Rf1+ 39. Kg4 Ke7 40. h5
Rg1 41. Kf3 Rb1 42. g4 Rg1 43. Be3 Rb1 44. g5 Bg7 45. Bd4 Bxd4 46. Rexd4 Rc7
47. g6 hxg6 48. hxg6 Rc5 49. Rg4 Rf5+ 50. Kg3 Rg1+ 51. Rg2 Rxg2+ 52. Kxg2 Kf8
53. Rxc4 Rf6 54. Rc6 Rxg6+ 55. Kf3 a5 56. Ra6 Rf6+ 57. Ke3 Rf5 58. Rxe6 Rh5 59.
c4 Kf7 60. Rb6 Rh4 61. c5 Rc4 62. c6 Ke6 63. Kd3 Rc5 64. b4 axb4 65. axb4 Rc1
66. b5 Rd1+ 67. Kc2 Rf1 68. c7+ Kd7 69. Rc6 Rf8 70. Rc4 Kc8 71. b6 Kb7 72. Rb4
Rh8 73. Kd3 Rh3+ 74. Kd4 Rh4+ 75. Kc5 Rh5+ 76. Kd6 Rh6+ 77. Kd7 Rh7+ 78. Ke8
Rh8+ 79. Ke7 Rh7+ 80. Kf8 Rh1 81. Rc4 Rh8+ 82. Ke7 Rh7+ 83. Kf6 Rh8 84. Rc5
Rf8+ 85. Ke6 Rh8 86. Kd5 Rh5+ 87. Kc4 Rh8 88. Kb5 Kc8 89. Ka6 Rh6 90. Ka7 Rd6
91. b7+ Kd7 92. c8=Q+ Ke7 93. Re5+ Kf6 94. Qf5+ Kg7 95. Re7+ Kg8 96. Qh7+ Kf8
97. Qg7# 1-0

[Event "ICS rated blitz match"]
[Site "204.178.125.65"]
[Date "1999.12.07"]
[Round "?"]
[White "Hossa"]
[Black "WhiteCastles"]
[Result "0-1"]
[WhiteElo "2455"]
[BlackElo "2892"]
[PlyCount "90"]
[EventDate "1999.??.??"]

1. e4 e5 2. f4 exf4 3. Nf3 g5 4. h4 g4 5. Ng5 h6 6. Nxf7 Kxf7 7. Nc3 Nf6 8.
Bc4+ Ke8 9. e5 d5 10. exf6 dxc4 11. Qe2+ Kf7 12. Qxc4+ Be6 13. Qxf4 Bd6 14. Qe3
Nd7 15. Ne4 Nxf6 16. O-O Be5 17. c3 Bc4 18. Rf5 Bd3 19. Rxe5 Nxe4 20. Rxe4 Bxe4
21. Qxe4 Qxh4 22. Qc4+ Ke8 23. Qb5+ c6 24. Qxb7 Qe1+ 25. Kh2 g3+ 26. Kh3 Qh1+
27. Kg4 Rg8+ 28. Kf3 Qh5+ 29. Ke3 Qe5+ 30. Kd3 Rd8+ 31. Kc2 Qe4+ 32. Kb3 Qxg2
33. Qxa7 Qd5+ 34. Ka4 g2 35. Qe3+ Kd7 36. Qa7+ Kd6 37. d3 Ra8 38. Bf4+ Ke6 39.
Be3 Rgb8 40. c4 Qd6 41. a3 Qxd3 42. Bb6 Rxa7+ 43. Bxa7 Qb3+ 44. Ka5 Rb5+ 45.
cxb5 Qxb5# 0-1

[Event "ICS rated blitz match"]
[Site "204.178.125.65"]
[Date "1999.12.07"]
[Round "?"]
[White "MissSilicon"]
[Black "Hossa"]
[Result "1-0"]
[WhiteElo "2692"]
[BlackElo "2453"]
[PlyCount "279"]
[EventDate "1999.??.??"]

1. d4 Nf6 2. c4 g6 3. Nc3 Bg7 4. e4 O-O 5. Bd3 d6 6. Nf3 Nc6 7. d5 Nb4 8. Bb1
e5 9. O-O Qe8 10. Nb5 Qd7 11. Qb3 a5 12. Bd2 c6 13. dxc6 bxc6 14. Nc3 Rb8 15.
Qa4 Na6 16. b3 Qc7 17. Ng5 h6 18. Nf3 Bg4 19. Nh4 Qb6 20. Qa3 Nc5 21. h3 Be6
22. Bc2 a4 23. Nxa4 Qa6 24. Bb4 Nfxe4 25. Nxc5 Qxa3 26. Bxa3 Nxc5 27. Bxc5 dxc5
28. Rae1 Rb4 29. Nf3 Ra8 30. Nxe5 Bxe5 31. Rxe5 Rxa2 32. Rc1 Ra5 33. Bxg6 Rxb3
34. Bf5 Bxf5 35. Rxf5 Kg7 36. Rd1 Rb7 37. Rd6 Rb4 38. Rd7 Rxc4 39. Rdxf7+ Kg8
40. R7f6 Kg7 41. Rxc6 Rc1+ 42. Kh2 Ra2 43. Rff6 h5 44. Rf5 h4 45. Rf4 Re2 46.
Rg4+ Kf7 47. f4 Rcc2 48. Rh6 Rf2 49. Rh7+ Kf6 50. Kg1 c4 51. Rh6+ Kf5 52. Rhxh4
Ke4 53. Rh7 Ke3 54. Re7+ Kd3 55. Rg3+ Kd4 56. Rf7 Kd5 57. Rf8 Ke4 58. Rg7 Ke3
59. Re8+ Kd4 60. Rg4 Kd3 61. Kh2 Rf1 62. Rd8+ Ke3 63. Rg3+ Ke4 64. Rg7 Rff2 65.
Rf8 Kd4 66. Rg4 c3 67. Rd8+ Ke3 68. Re8+ Kd3 69. Rg3+ Kd4 70. Rf8 Ke4 71. Rg7
Rcd2 72. h4 Rd4 73. Kg3 c2 74. Rc7 Rdd2 75. Re7+ Kd5 76. Re5+ Kc6 77. Rc8+ Kb7
78. Rc4 Rxg2+ 79. Kh3 Rh2+ 80. Kg4 Ka7 81. Rc7+ Kb6 82. Rc3 Rdg2+ 83. Kh5 Rg8
84. Re6+ Kb5 85. Rec6 Rh8+ 86. Kg5 R8xh4 87. R3c5+ Kb4 88. Rxc2 Rh5+ 89. Kf6
R2h3 90. R2c4+ Kb5 91. Rc7 Ka6 92. Ra4+ Kb6 93. Rca7 Rf3 94. R4a6+ Kc5 95. Ra5+
Kb6 96. Rxh5 Rxf4+ 97. Kg5 Rf3 98. Kg4 Rf2 99. Ra4 Rf1 100. Rb4+ Kc6 101. Rc4+
Kd6 102. Rd4+ Kc6 103. Rh6+ Kc5 104. Rd2 Kb5 105. Rh5+ Kc4 106. Rf5 Rh1 107.
Rf4+ Kb5 108. Rb2+ Kc5 109. Rf5+ Kd4 110. Rb4+ Kc3 111. Rff4 Rh2 112. Rfc4+ Kd3
113. Rd4+ Kc3 114. Rbc4+ Kb3 115. Kg3 Rh7 116. Rb4+ Kc3 117. Rdc4+ Kd3 118. Rh4
Rg7+ 119. Kh2 Ke3 120. Rh3+ Kd2 121. Rd4+ Kc2 122. Rc4+ Kd2 123. Rh8 Kd3 124.
Rc6 Kd4 125. Rd8+ Ke5 126. Rc5+ Ke4 127. Rc4+ Ke5 128. Re8+ Kd5 129. Rh4 Rg6
130. Rd8+ Ke5 131. Ra8 Kd5 132. Ra5+ Kc6 133. Ra6+ Kc5 134. Rxg6 Kd5 135. Rg5+
Ke6 136. Rh6+ Kf7 137. Rg4 Ke7 138. Rg7+ Kf8 139. Rhh7 Ke8 140. Rg8# 1-0

[Event "ICS rated blitz match"]
[Site "204.178.125.65"]
[Date "1999.12.07"]
[Round "?"]
[White "Hossa"]
[Black "MissSilicon"]
[Result "0-1"]
[WhiteElo "2447"]
[BlackElo "2698"]
[PlyCount "144"]
[EventDate "1999.??.??"]

1. d4 d5 2. c4 dxc4 3. Nf3 Nf6 4. e3 e6 5. Bxc4 a6 6. O-O c5 7. a4 Qc7 8. Qc2
Bd6 9. dxc5 Bxc5 10. e4 O-O 11. e5 Nfd7 12. Bd3 Nxe5 13. Bxh7+ Kh8 14. Ra3 Qd6
15. Nxe5 Qxe5 16. Rh3 Rd8 17. Bg6+ Kg8 18. Rh5 f5 19. Bg5 Rd5 20. b4 Nd7 21.
Bh7+ Kf7 22. bxc5 Rxc5 23. Qd2 Rc4 24. Re1 Qc5 25. Rh4 Rxh4 26. Bxh4 Nf8 27.
Rc1 Qe5 28. Bg3 Qf6 29. Rc7+ Ke8 30. Bg8 Bd7 31. Rxb7 Rc8 32. a5 Qe7 33. Qe3 g5
34. Be5 f4 35. Qe1 Qc5 36. Bb2 Qd5 37. Ra7 Rb8 38. Ba3 Qb3 39. Nd2 Qxa3 40. Nc4
Qc3 41. Qf1 Qh8 42. Nd6+ Ke7 43. Bxe6 Nxe6 44. Nc4 Nc5 45. Nb6 Qe5 46. Qd1 Rd8
47. Nd5+ Kf8 48. Nb6 Be8 49. Qb1 Bg6 50. Qc1 Qc3 51. Qf1 Bd3 52. Qd1 Qxa5 53.
Nd7+ Rxd7 54. Rxd7 Nxd7 55. Qxd3 Qe1+ 56. Qf1 Qxf1+ 57. Kxf1 a5 58. Ke2 Ne5 59.
f3 a4 60. Kd2 Nxf3+ 61. Kc3 Nxh2 62. Kb2 Ng4 63. Ka3 Ne3 64. g3 fxg3 65. Kb4 g4
66. Kxa4 g2 67. Kb5 g1=Q 68. Kb4 Qc1 69. Kb5 Nd5 70. Ka4 Qb2 71. Ka5 Qb4+ 72.
Ka6 Qb6# 0-1

[Event "ICS rated blitz match"]
[Site "204.178.125.65"]
[Date "1999.12.07"]
[Round "?"]
[White "joejan"]
[Black "Hossa"]
[Result "0-1"]
[WhiteElo "2230"]
[BlackElo "2441"]
[PlyCount "78"]
[EventDate "1999.??.??"]

1. e4 e5 2. Nf3 Nc6 3. Bb5 a6 4. Bxc6 dxc6 5. Nc3 f6 6. O-O Bd6 7. d4 exd4 8.
Nxd4 Ne7 9. Qh5+ g6 10. Qh4 c5 11. Nf3 O-O 12. Bh6 g5 13. Qh5 Qe8 14. Qxe8 Rxe8
15. e5 Bxe5 16. Nxe5 fxe5 17. Bxg5 Bf5 18. Rfe1 Ng6 19. Re2 Nf4 20. Rd2 Re6 21.
Re1 h6 22. Bxf4 exf4 23. Rxe6 Bxe6 24. a3 Rf8 25. Ne4 b6 26. f3 Kg7 27. Kf2 a5
28. Nc3 Rf5 29. Ne2 b5 30. Rd8 Rf7 31. Nc3 b4 32. Ne4 Rf5 33. Rd3 c4 34. Rd4
Rh5 35. h3 c3 36. bxc3 bxa3 37. Ra4 a2 38. Nd2 Rb5 39. Ke2 Rb1 0-1